00374 a2200097 4500001001000000005001700010008004100027245011700068100002300185773006800208ART_3821820260410161804.0260409a 10aLa quiebra del consorcio de propiedad horizontal en el nuevo Código Civil y Comercial unificado de la Nación1 aMozzi, Germán D.0 tDoctrina Societaria y Concursalg- Nº 330 (mayo 2015)wREV4298